Encyclopaedia of Applied information systems : Management information systems therory and practice (Record no. 4809)
[ view plain ]
| 000 -LEADER | |
|---|---|
| fixed length control field | 00577 a2200157 4500 |
| 020 ## - INTERNATIONAL STANDARD BOOK NUMBER | |
| International Standard Book Number | 8178801086 |
| 040 ## - CATALOGING SOURCE | |
| Original cataloging agency | DLC |
| Language of cataloging | DLC |
| 082 ## - DEWEY DECIMAL CLASSIFICATION NUMBER | |
| Classification number | 004.03 |
| 100 ## - MAIN ENTRY--PERSONAL NAME | |
| Personal name | Anand, Aishwarya. |
| 245 ## - TITLE STATEMENT | |
| Title | Encyclopaedia of Applied information systems : Management information systems therory and practice |
| Statement of responsibility, etc. | Aishwarya Anand and Archana Singh |
| 260 ## - PUBLICATION, DISTRIBUTION, ETC. | |
| Place of publication, distribution, etc. | New Delhi : |
| Name of publisher, distributor, etc. | Rajat Publications, |
| Date of publication, distribution, etc. | 2003. |
| 300 ## - PHYSICAL DESCRIPTION | |
| Extent | vol.1, vi, 294 p. : |
| Other physical details | ill. ; |
| Dimensions | 20 cm |
| 500 ## - GENERAL NOTE | |
| General note | Includes bibliographical references and index |
| 650 ## - SUBJECT ADDED ENTRY--TOPICAL TERM | |
| Topical term or geographic name entry element | Encyclopedia. Management information systems |
| 942 ## - ADDED ENTRY ELEMENTS (KOHA) | |
| Koha item type | Book |
| Call number prefix | 004.03 ANA |
| Source of classification or shelving scheme | |
| Withdrawn status | Lost status | Damaged status | Not for loan | Collection code | Permanent Location | Current Location | Shelving location | Date acquired | Source of acquisition | Cost, normal purchase price | Total Checkouts | Full call number | Barcode | Date last seen | Price effective from | Koha item type |
|---|---|---|---|---|---|---|---|---|---|---|---|---|---|---|---|---|
| Central Library (CL) | Central Library (CL) | First Floor - Computer Science | 05/19/2004 | Pak Book Corporation | 1007.25 | 004.03 ANA | SEECS004506 | 11/14/2012 | 01/05/2017 | Book |
